00435 2200157 4500245008100000020002200081100002400103700002800127650001200155005001900167260003700186041001400223084000800237300002300245336000900268 aReferensi Biologi Lengkap b : Sel & MetabolismecVerlag, Ernst KletthText a978-3-12-045311-6 aVerlag, Ernst Klett aDamaring Tyas Wulandari aBiologi a20230120105241 aJakartabPenerbit Erlanggac2019 aIndonesia a570 a127 hlm. :cillus. atext